Statistics for We Are Never Ever Getting Back Together lyrics

Click here to take the quiz!

General Stats

  • This quiz has been taken 1,582 times
  • The average score is 290 of 324

Answer Stats

Lyrics% Correct
a
99%
we
99%
We
99%
are
98%
back
98%
ever
98%
ever,
98%
getting
98%
"I
98%
I
98%
never
98%
"Never
98%
never"
98%
to
98%
You
98%
you,
98%
you"
98%
you
98%
me
97%
me,
97%
me"
97%
together
97%
together,
97%
up
95%
up,
95%
go
94%
when
94%
And
93%
and
93%
friends,
93%
love
93%
talk
93%
the
93%
time,
93%
time
93%
your
93%
broke
92%
call
92%
my
92%
say,
92%
say
92%
first
91%
I'm
91%
in
91%
Like
91%
like,
91%
Remember
91%
remember
91%
this
91%
"this
91%
This
91%
said
90%
it
89%
it,
89%
Then
89%
But
88%
But,
88%
for
87%
had
87%
is
87%
last
87%
needed
87%
space
87%
that
87%
hate
86%
month
86%
Oh,
86%
(what?)
86%
miss
85%
telling
85%
again
84%
break
84%
enough"
84%
gonna
84%
called
83%
change,
83%
each
83%
night
83%
other
83%
'Cause
82%
seen
82%
Ah,
81%
day?
81%
swear
81%
"Baby,
80%
oh,
80%
Oh,
80%
oh
80%
trust
80%
I've
79%
of
79%
Saying,
79%
how
78%
lasted
78%
come
77%
around
76%
so
76%
hadn't
73%
he
73%
mine
72%
off
72%
than
72%
cooler
70%
much
70%
were
70%
still
68%
used
68%
picking
67%
record
67%
fights
66%
indie
66%
really
66%
that's
66%
tonight
66%
right
65%
think
65%
forever,
64%
screaming
64%
calls
62%
some
61%
with
61%
mind
60%
falling
59%
he's
57%
exhausting,
54%
find
54%
peace
54%
away
53%
hide
52%
know?
52%
would
52%
just,
42%
mean
40%

Score Distribution

Percentile by Number Answered

Percent of People with Each Score

Your Score History

You have not taken this quiz